000 01329cam a2200433 a 4500
001 12580192
005 20260413075140.0
008 011005s2000 ii l 001 0 eng
010 _a 2001417653
020 _a8187162171
020 _a9788187162179
025 _aI-E-2001-417653; 74-13; 77-13
035 _a12580192
035 _a(DLC) 200141765
037 _bLibrary of Congress -- New Delhi Overseas Office
_cRs1095.00
040 _aDLC
_cDLC
_dDLC
042 _alcode
043 _aa-ii---
082 _a346.0436 MUL
100 1 _aMulla, D.F.
245 1 4 _aThe Transfer of Property Act, 1882 /
_cD.F. Mulla and Solil Paul
250 _a9th ed.
260 _aNew Delhi :
_bButterworths India,
_c2000.
300 _aclxxviii, 1426 p. ;
_c24 cm.
365 _bRs. 1095
500 _aIncludes index.
650 0 _aProperty
_zIndia.
650 0 _aTransfer (Law)
_zIndia.
650 0 _aSales
_zIndia.
650 0 _aMortgages
_zIndia.
650 0 _aLeases
_zIndia.
650 0 _aChoses in action
_zIndia.
700 1 _aPaul, Solil
710 1 _aIndia.
_tTransfer of Property Act, 1882.
_f2000.
906 _a7
_bcbc
_corigode
_d2
_encip
_f20
_gy-gencatlg
942 _2ddc
_cBK
999 _c15101
_d15101